Statistiques concernant Culture Générale - Série 1525

Cliquez ici pour prendre le quiz!

Statistiques générales

  • Ce quiz a été pris 144 fois
  • Le résultat moyen est 5 sur 10

Statistiques - réponses

QuestionRéponse% Correct
En quel mois est célébrée la fête nationale des États-Unis d'Amérique ?Juillet
97%
A quel liquide fait-on référence pour parler du teint d'une personne à la peau très blanche ?lait
93%
L'exocet, dont les grandes nageoires lui permettent de planer, est aussi appelé "poisson...volant
70%
Dans quel film d'Étienne Chatiliez "le lundi, c'est raviolis" pour la famille Le Quesnoy ?La Vie est un long fleuve tranquille
65%
Selon l'expression, quels animaux peuvent être "décornés" quand un vent souffle violemment ?boeufs
64%
A la fois poisson capable de produire des décharges électriques et engin de guerre sous-marin chargé d'explosifs, que suis-je ?torpille
52%
Quel nom sanskrit définit, dans l'Hindouisme, le dogme d'une destinée en partie déterminée par les actions de ses vies antérieures ?karma
44%
Dans quel pays d'Asie centrale se situe le massif montagneux appelé Koh-É baba ?Afghanistan
25%
Quel est le nom de l'huile essentielle extraite de la fleur d'oranger, et utilisée en parfumerie ?néroli
18%
Quel pape est l'ordonnateur des 4e et 5e croisades, de 1202 à 1219 ?Innocent III
17%

Distribution des résultats

Percentile par nombre de réponses

% des personnes avec chaque résultat

Votre développement - résultats

Vous n’avez pas pris ce quiz